Petit bac Harry Potter - G - Statistiques

Statistiques générales
  • Ce quiz a été pris 929 fois
    911 depuis la dernière actualisation
  • Le résultat moyen est 4 sur 8
Statistiques - réponses
Thème Mot % Correct
Personnage Hermione Granger / Godric Gryffondor / Gregory Goyle / Graup / Elvis Gaunt / Porpentina Goldstein / Grosse dame / Gripsec / Gellert Grindelwald / Astoria Greengrass / Fenrir Greyback / Hugo Granger-Weasley / Mykew Gregorovitch / Percival Graves
93%
Monnaie Gallion
82%
Lieu Gringotts / Godric's Hollow / Gaichiffon / Glaces Florian Fortarôme / Grunnings / Grande Salle
71%
Créature Gobelin / Gnome / Goule / Grapcorne / Griffon / Grinchebourdon / Gronian
68%
Sortilège Gemino / Glacius / Glisseo
14%
Langue Gobelbabil
14%
Objet Glace à l'Ennemi / Gants en peau de dragon
12%
Potion / Ingrédient de potions Goutte du Mort vivant / Gaz Étrangleur
5%
Aucun quiz correspondant
Distribution des résultats
% des personnes avec chaque résultat
Percentile par nombre de réponses
Votre historique - résultats
Vous n’avez pas pris ce quiz depuis la dernière actualisation